000 00623cam a22002052 4500
001 0000007349
005 20151021151113.0
008 080114s xx 000 0 eng d
020 _cKES 900
040 _aKABU
_cKABU
050 0 _aHF1017
_b.S77 [2007]
110 2 _aStrathmore University.
_bDistance Learning Centre.
_@0000150769
245 1 0 _aBusiness statistics :
_b subject no. 7 revision kit.
260 _aNairobi :
_bS.U.P.,
_c[2007]
300 _a228 p.
650 0 _aCommercial statistics.
_@0000149884
908 _a080114
950 _@1
999 _c729
_d729